=LDR 00000nam 2200000 4500 =001 INLIS000000000018203 =005 20130612113404 =008 ***********************************Ind** =035 ##$$0010-061300000018203 =041 ##$$a Ind =082 ##$$a 635.986 =090 ##$$a 635.986, Har k =100 ##$$a Hartanto, H =245 ##$$a Kaktus, tanaman hias yang indah, H. Hartanto, Soejono =260 ##$$a 1989 $b Jakarta =300 ##$$a 46 hlm, ilus, 21 cm =650 ##$$a Kaktus =850 ##$$a NBPNMAT =990 ##$$a 2090100700/BPAP-NTB/2015